=LDR 00000nam 2200000 4500 =001 INLIS000000000021997 =005 20130612120811 =008 ***********************************Ind** =035 ##$$0010-061300000021997 =041 ##$$a Ind =082 ##$$a 425 =090 ##$$a 425, Tho p =100 ##$$a Thomson, A.J =245 ##$$a A practical english grammar exercises 2, A.J Thomson =260 ##$$a 1989 $b Tokyo =300 ##$$a 199 hlm, 21 cm =650 ##$$a Bahasa Ingggris =850 ##$$a NBPNMAT